[Event "BCF-chT2 0708 (4NCL)"]
[Site "Sunningdale"]
[Date "2008.05.05"]
[Round "11.6"]
[White "Byway, Paul V"]
[Black "White, Graham A"]
[Result "1-0"]
[WhiteElo "2152"]
[BlackElo "2135"]
[PlyCount "71"]
[EventDate "2007.09.15"]
[EventType "team-tourn"]
[EventRounds "11"]
[EventCountry "ENG"]
[SourceTitle "EXT 2023"]
[Source "ChessBase"]
[SourceDate "2022.10.05"]
[SourceVersion "1"]
[SourceVersionDate "2022.10.05"]
[SourceQuality "1"]
[WhiteTeam "Poisoned Pawns"]
[BlackTeam "Wessex"]
[WhiteTeamCountry "ENG"]
[BlackTeamCountry "ENG"]

1. c4 c6 2. Nf3 d5 3. e3 Nf6 4. Nc3 e6 5. b3 Bd6 6. Bb2 0-0 7. d4 Nbd7 8. Bd3 Re8 9. cxd5 exd5 10. Qc2 Nf8 11. h3 Ng6 12. 0-0-0 Qe7 13. Kb1 Ne4 14. Bxe4 dxe4 15. Nd2 f5 16. Nc4 b5 17. Nxd6 Qxd6 18. d5 Bb7 19. dxc6 Qxc6 20. Ne2 Qxc2+ 21. Kxc2 b4 22. Rd6 a5 23. Ng3 Ba6 24. Nxf5 Bd3+ 25. Kd2 Rf8 26. g4 Nh4 27. Rc1 Nxf5 28. gxf5 Rxf5 29. f4 Rh5 30. Rd7 Rxh3 31. Rxg7+ Kf8 32. Rg2 Rd8 33. Bd4 Rd5 34. Rc7 Rdh5 35. Bc5+ Ke8 36. Rg8# 1-0